|
|
|
|
| LEADER |
00984nam a22002297a 4500 |
| 001 |
AAL6881 |
| 003 |
BD-DhAAL |
| 005 |
20161002121734.0 |
| 008 |
161002s 1998bg ||||| |||| 00| 0 ben d |
| 020 |
|
|
|a 9844581494
|
| 040 |
|
|
|a BD-DhAAL
|c BD-DhAAL
|
| 082 |
|
|
|a 320.95492
|
| 100 |
|
|
|a জাহাঙ্গীর, বোরহানউদ্দিন খান
|9 20494
|
| 245 |
|
|
|a হত্যার রাজনীতি ও বাংলাদেশ /
|c বোরহানউদ্দিন খান জাহাঙ্গীর
|
| 260 |
|
|
|a ঢাকা :
|b সময় প্রকাশন,
|c ১৯৯৮
|
| 300 |
|
|
|a ৭৫ পৃ. ;
|c ২২ সে.মি.
|
| 541 |
|
|
|e 6881
|
| 651 |
|
|
|a Bangladesh
|x Politics and government
|9 20495
|
| 852 |
|
|
|a Savar Campus Library
|c General Shelf
|
| 942 |
|
|
|2 ddc
|c BK
|
| 999 |
|
|
|c 37843
|d 37843
|
| 952 |
|
|
|0 0
|1 0
|2 ddc
|4 0
|6 320_954920000000000_JAH
|7 0
|9 59665
|a SCL
|b SCL
|c GEN
|d 2016-10-02
|g 50.00
|l 0
|o 320.95492 JAH
|p 3020006881
|r 2025-07-30
|t 1
|w 2016-10-02
|y BK
|